| 000 | 01048nam a22003377a 4500 | ||
|---|---|---|---|
| 001 | BR7400919 | ||
| 003 | BR-BrBNA | ||
| 005 | 20230928084538.0 | ||
| 007 | ta | ||
| 008 | 230509b bl.||||| |||| 00| 0 por d | ||
| 040 |
_aBR-BrBNA _bpor _cBiblioteca Nacional de Agricultura |
||
| 041 | _a(Por) | ||
| 072 |
_aF00; F10 _b0430 _b/G514 |
||
| 090 | _ 0430 BR7400919 | ||
| 100 | 1 | _aBoulanger, J. | |
| 100 | 1 | _aBirch, C. | |
| 100 | 1 | _aPinheiro, D. | |
| 100 | 1 | _aFaria, C.V. | |
| 110 | 1 | _aSuperintendencia do Desenvolvimento do Nordeste, Recife, PE (Brasil). Depto. de Agricultura e Abastecimento | |
| 245 | 1 | _aFlutuacoes da producao do algodoeiro moco. Observacoes na fazenda Sao Miguel, Rio Grande do Norte [Brasil] | |
| 260 | 3 |
_aRecife, PE (Brasil): _c1966. |
|
| 300 | _a28 p. | ||
| 500 | _aSummaries (Eng, Spa, Fre, Por) | ||
| 650 | _aALGODAO MOCO | ||
| 650 | _aRENDIMENTO | ||
| 650 | _aPLUVIOMETRIA | ||
| 650 | _aESTATISTICA DE PRODUCAO | ||
| 650 | _aRIO GRANDE DO NORTE | ||
| 909 |
_a202309 _bLucia _c55 _dLucia Elande |
||
| 942 | _cBK | ||
| 999 |
_c19648 _d19648 |
||